000 00657nam a2200241Ia 4500
003 OSt
005 20220918200612.0
006 a|||||r|||| 00| 0
007 ta
008 220917b |||||||| |||| 00| 0 eng d
024 _a89,459
037 _cTextual
040 _aARTS
_cARTS
_beng
041 _2eng
_aeng
082 _aU47, J1 (906)
100 _aAnderson M S
245 0 _aGeography of living things ed by Frank Debenham
260 _c1951
490 _aTeach yourself geography books ed by Leonard Cutts; 5
650 _aHUMAN GEOGRAPHY
_91464
942 _hU47, J1 (906)
_cTEXL
_2CC
999 _c213129
_d213129